| 000 | 01116nam a22003137a 4500 | ||
|---|---|---|---|
| 003 | CHAP | ||
| 005 | 20220329133849.0 | ||
| 008 | 971013s1976 r 10010 d | ||
| 010 | _a11957 | ||
| 011 | _a12929 | ||
| 035 | _a16823 | ||
| 040 | _cCHAP | ||
| 082 |
_a632.96 _bR4 1976 |
||
| 111 | 0 | 0 |
_aReunión Nacional de Técnicos en Control Biológico y Organismos Auxiliares de Sanidad Vegetal ( _n4 _d: 1976 _c: Tapachula, Chis.) _996517 |
| 245 | _aMemorias | ||
| 260 |
_aMéxico, D. F. : _bDirección General de Sanidad Vegetal, _c1976 |
||
| 300 | _a[Paginación varía] | ||
| 590 |
_aBATCH-UPD _b10 _c20130110 _lUCH01 _h1141 |
||
| 590 |
_aBATCH-UPD _b10 _c20130410 _lUCH01 _h0727 |
||
| 590 |
_aBATCH-UPD _b10 _c20130914 _lUCH01 _h0022 |
||
| 590 |
_aCONVERSION _b10 _c20130109 _lUCH01 _h1308 |
||
| 650 | 1 | 4 |
_aAgricultura _xPlagas. _91764 |
| 650 | 1 | 4 |
_aControl biológico de plagas. _927587 |
| 650 | 1 | 4 |
_aSanidad Vegetal _xCongresos. _9102227 |
| 901 | _aBK | ||
| 942 | _cLIBRO | ||
| 949 |
_a632.96 R4 1976 _bBC _cCONG _d-149914 _eCONG _h59366 _i16823 _si |
||
| 949 |
_a632.96 R48 1976 _bPA _cLIBRO _d-29077 _eLIBRO _h1446 _i16823 _si |
||
| 999 |
_c11957 _d11957 |
||